000 00613nam a22002057a 4500
003 OSt
005 20160913181446.0
008 160913b xxu||||| |||| 00| 0 eng d
020 _a9780470241820
040 _cDDC.
082 _a670HAN 2001
100 _aEdited by Salvendy,Gavriel;
_911040
245 _aHandbook of Industrial Engineering:
_bMethods for Decision Making:Author and subject Index.
250 _a3rd ed.
260 _aNew Jersey.
_bJohn wiley and Sons.
_c2001.
300 _a2796p;
_bill;
_c25cm.
504 _aincludes index.
650 _aIndustrial Engineering.
_911041
942 _2ddc
_cO_SHELF
999 _c5188
_d5188